<?xml version="1.0" encoding="UTF-8"?><record xmlns="http://www.loc.gov/MARC21/slim" xmlns:zs="http://docs.oasis-open.org/ns/search-ws/sruResponse">
  <leader>05031nam a22004333i 4500</leader>
  <controlfield tag="001">22062065</controlfield>
  <controlfield tag="005">20250607105743.9</controlfield>
  <controlfield tag="006">m    |o  d |      </controlfield>
  <controlfield tag="007">cr |||||||||||</controlfield>
  <controlfield tag="008">210525s1290    xx |||||o|||||||| ||fro  </controlfield>
  <datafield ind1=" " ind2=" " tag="035">
    <subfield code="a">22062065</subfield>
  </datafield>
  <datafield ind1=" " ind2=" " tag="906">
    <subfield code="a">0</subfield>
    <subfield code="b">ibc</subfield>
    <subfield code="c">orignew</subfield>
    <subfield code="d">u</subfield>
    <subfield code="e">ncip</subfield>
    <subfield code="f">20</subfield>
    <subfield code="g">y-gencatlg</subfield>
  </datafield>
  <datafield ind1=" " ind2=" " tag="955">
    <subfield code="a">LCAP batch update 2025-06-02-04:00: LCAPM-988</subfield>
  </datafield>
  <datafield ind1=" " ind2=" " tag="010">
    <subfield code="a">  2021668194</subfield>
  </datafield>
  <datafield ind1=" " ind2=" " tag="035">
    <subfield code="a">(WDL)19233</subfield>
  </datafield>
  <datafield ind1=" " ind2=" " tag="040">
    <subfield code="a">DLC</subfield>
    <subfield code="b">eng</subfield>
    <subfield code="c">DLC</subfield>
  </datafield>
  <datafield ind1=" " ind2=" " tag="041">
    <subfield code="a">fro</subfield>
    <subfield code="a">lat</subfield>
  </datafield>
  <datafield ind1=" " ind2=" " tag="080">
    <subfield code="a">264</subfield>
  </datafield>
  <datafield ind1=" " ind2=" " tag="080">
    <subfield code="a">782</subfield>
  </datafield>
  <datafield ind1="0" ind2="0" tag="245">
    <subfield code="a">Beaupré Antiphonary, Volume Three.</subfield>
  </datafield>
  <datafield ind1=" " ind2=" " tag="260">
    <subfield code="a">[place of publication not identified] :</subfield>
    <subfield code="b">[publisher not identified],</subfield>
    <subfield code="c">1290.</subfield>
  </datafield>
  <datafield ind1=" " ind2=" " tag="300">
    <subfield code="a">1 online resource.</subfield>
  </datafield>
  <datafield ind1=" " ind2=" " tag="336">
    <subfield code="a">text</subfield>
    <subfield code="b">txt</subfield>
    <subfield code="2">rdacontent</subfield>
  </datafield>
  <datafield ind1=" " ind2=" " tag="337">
    <subfield code="a">computer</subfield>
    <subfield code="b">c</subfield>
    <subfield code="2">rdamedia</subfield>
  </datafield>
  <datafield ind1=" " ind2=" " tag="338">
    <subfield code="a">online resource</subfield>
    <subfield code="b">cr</subfield>
    <subfield code="2">rdacarrier</subfield>
  </datafield>
  <datafield ind1=" " ind2=" " tag="500">
    <subfield code="a">Title devised, in English, by Library staff.</subfield>
  </datafield>
  <datafield ind1=" " ind2=" " tag="500">
    <subfield code="a">"Walters Ms. W.761"--Note extracted from World Digital Library.</subfield>
  </datafield>
  <datafield ind1=" " ind2=" " tag="500">
    <subfield code="a">Original resource extent: 598 pages : parchment ; 42.2 x 30.1 centimeters.</subfield>
  </datafield>
  <datafield ind1=" " ind2=" " tag="520">
    <subfield code="a">Illuminated in Hainaut around 1280 and completed in 1290, this collection of richly decorated Cistercian manuscripts is a rare example of those being produced in Flanders at the end of the 13th century. Nineteen extant large historiated initials, flourished and decorated initials, and an abundance of amusing drolleries facilitate a liturgical narrative from the text. However, additions and removals within the text and imagery tell much about the use and history of the manuscript. This manuscript is the third volume of the three-volume set (volumes one and two are lost) destined for the prioress at the Cistercian abbey of Sainte-Marie at Beaupré (diocese of Cambrai, in French Flanders). The liturgical contents provide musical settings from Christmas to Easter. Two sets of antiphonaries, each composed of three volumes, were originally created for the abbess and prioress of Beaupré. Of these two sets, the Walters Art Museum houses three volumes: two volumes from the set intended for the abbess and this volume from the set designated for the prioress. A fourth associated volume was created later to supplement volume 1 of the abbess's set (W.759). It should be noted that apart from the volumes housed at the Walters, there survive four cutout initials from the other volumes. However, in 1865, those volumes regrettably were lost in a fire that spread from a house adjacent to Sotheby's in London, where they were being prepared for sale. In addition to the manuscripts' rich illumination, there is also a wealth of historical evidence throughout. Added at the beginning of each volume is a full-page inscription that details ownership. Here it reads, "Antiphonaire pour servir dans le Choeur du côté de Ma-Dame L'abbesse, depuis le Nöel iusqu' à Pâques." This volume contains an authorial portrait of the scribe or artist, a Cistercian monk named Johannes de Toussens at the base of folio 1 recto, who holds a scroll that reads "I, John, wrote this book." The manuscripts' patroness who married into the de Viane family is depicted at the start of volume 1 (W.759). Donations by members of the de Viane family to Sainte-Marie of Beaupré were recorded from 1244 to 1293. In 1475-1500 select 13th-century Offices were replaced in part by revisions and by additions placed at the end of the volume. In the 18th century some 13th- and 15th-century leaves were removed, changes were made to both neumes and text passim, and pages were added at the end of the volume. The first additions were presumably for Abbess Jacqueline Hendricx (1473-1500), the second were likely for the last abbess, Angéline de Lossy (1755-96), after which the abbey was seized during the French Revolution. Drolleries are most often found on pages with historiated initials, and principally focused on centered bas-de-page scenes. While many drolleries were effaced, some traces of these images can be recognized by their shadowy outlines. Many of these erasures are thought to be at the hand of the English art critic and scholar John Ruskin (1819-1900), who is also credited with writing a separate table of contents, as well as several transcriptions of the Latin text found on numerous leaves. Truly a remarkable work, this multi-volume antiphonary was generously given to The Walters Art Museum in 1957 as a bequest of the Hearst Foundation.</subfield>
  </datafield>
  <datafield ind1="1" ind2=" " tag="535">
    <subfield code="3">Original resource at:</subfield>
    <subfield code="a">Walters Art Museum.</subfield>
  </datafield>
  <datafield ind1=" " ind2=" " tag="546">
    <subfield code="a">Content in Old French (842-ca. 1400) and Latin.</subfield>
  </datafield>
  <datafield ind1="0" ind2=" " tag="588">
    <subfield code="a">Description based on data extracted from World Digital Library, which may be extracted from partner institutions.</subfield>
  </datafield>
  <datafield ind1=" " ind2="0" tag="653">
    <subfield code="a">1290</subfield>
  </datafield>
  <datafield ind1=" " ind2="0" tag="653">
    <subfield code="a">Antiphonaries</subfield>
    <subfield code="a">Cistercians</subfield>
    <subfield code="a">Illuminations</subfield>
    <subfield code="a">Liturgies</subfield>
    <subfield code="a">Miniatures (Illuminations)</subfield>
    <subfield code="a">Music</subfield>
    <subfield code="a">Musical scores</subfield>
  </datafield>
  <datafield ind1=" " ind2=" " tag="720">
    <subfield code="a">Toussens, Johannes de</subfield>
    <subfield code="e">Creator.</subfield>
  </datafield>
  <datafield ind1=" " ind2=" " tag="752">
    <subfield code="a">France</subfield>
    <subfield code="b">Nord-Pas-de-Calais</subfield>
  </datafield>
  <datafield ind1="4" ind2="0" tag="856">
    <subfield code="d">gdcwdl</subfield>
    <subfield code="f">wdl_19233</subfield>
    <subfield code="u">https://hdl.loc.gov/loc.wdl/wdl.19233</subfield>
  </datafield>
  <datafield ind1=" " ind2=" " tag="985">
    <subfield code="a">wdl/wdlpartner/wdlwalters</subfield>
  </datafield>
  <datafield ind1=" " ind2=" " tag="991">
    <subfield code="b">s-Online</subfield>
    <subfield code="h">Electronic Resource</subfield>
  </datafield>
</record>
